Richmond-upo-Thames LBC v SoS Environment Transport and the Regions (Record no. 70237)
[ view plain ]
| 000 -LEADER | |
|---|---|
| fixed length control field | 00875cam a2200169 4500 |
| 001 - CONTROL NUMBER | |
| control field | X117929 |
| 008 - FIXED-LENGTH DATA ELEMENTS--GENERAL INFORMATION | |
| fixed length control field | 020510n2002 000 0 eng u |
| 035 ## - SYSTEM CONTROL NUMBER | |
| System control number | (Sirsi) u117929 |
| 245 ## - TITLE STATEMENT | |
| Title | Richmond-upo-Thames LBC v SoS Environment Transport and the Regions |
| 260 ## - PUBLICATION, DISTRIBUTION, ETC. | |
| Date of publication, distribution, etc. | 2002 |
| 490 ## - SERIES STATEMENT | |
| Series statement | Journal of Planning and Environment Law |
| Volume/sequential designation | [2002] JPL 33-42(10) |
| 520 ## - SUMMARY, ETC. | |
| Summary, etc. | QBD 5 March 2001. Consent to carry out certain works to a tree that was the subject of a Tree Preservation Order. SoS did not accept the Inspecting Officer's recommendation. Lack of clarity. Inadequacy of reason. Conclusion reached without sufficient evidence. (Taken from abstract) |
| 650 ## - SUBJECT ADDED ENTRY--TOPICAL TERM | |
| Topical term or geographic name entry element | RICHMOND UPON THAMES LBC V SOS ENVIRONMENT TRANSPORT AND THE REGIONS |
| 650 ## - SUBJECT ADDED ENTRY--TOPICAL TERM | |
| Topical term or geographic name entry element | TREE PRESERVATION ORDERS (TPOs) |
| 690 ## - LOCAL SUBJECT ADDED ENTRY--TOPICAL TERM (OCLC, RLIN) | |
| Topical term or geographic name as entry element | ENVIRONMENTAL AND LAND CONSULTANCY-PLANNING AND DEVELOPMENT |
| 942 ## - ADDED ENTRY ELEMENTS (KOHA) | |
| Suppress in OPAC | 0 |
| Withdrawn status | Lost status | Source of classification or shelving scheme | Damaged status | Not for loan | Home library | Current library | Shelving location | Date acquired | Total Checkouts | Full call number | Barcode | Date last seen | Copy number | Price effective from | Koha item type |
|---|---|---|---|---|---|---|---|---|---|---|---|---|---|---|---|
| Dewey Decimal Classification | London | London | Journal article | 10/05/2002 | X117929. | 117929-1001 | 06/08/2019 | 1 | 06/08/2019 | Journal article |